Plants Vs. Zombies Mini-Games - Statistics

General Stats
  • This quiz has been taken 9 times
  • The average score is 18 of 28
Answer Stats
Description Mini-Game % Correct
A five flag gauntlet with no sunflowers and 5000 sun at the start, with time to plant a defense before the zombies attack. Last Stand
88%
Accumulate 2000 sun while building defense from a machine that costs 25 sun per spin. Slot Machine
88%
This mini-game is 4-5 in adventure mode, which is about breaking vases to reveal plants and Zombies alike. Vase Breaker
88%
Zombies have the heads of plants, allowing them to shoot projectiles and more. ZomBotany
88%
Zombies have the heads of plants again. ZomBotany 2
88%
Bobsled Zombies and Zombonis appear very frequently, and ice rest on the lawn from the start. Bobsled Bonanza
75%
Single seed packets plant in all lanes at once. Column Like You See 'Em
75%
All zombies are invisible unless they are hit with an object that sticks to them, such as ice or butter. Invisi-Ghoul
75%
Seeds rain from the sky and lightning flashes to light up the lawn during a thunderstorm. It's Raining Seeds
75%
Tons of Pogo Zombies attack. Pogo Party
75%
Portals appear randomly around the lawn, teleporting projectiles and zombies. Portal Combat
75%
Make a giant star shape out of Starfruit while defending the lawn. Seeing Stars
75%
This is level 1-5 in adventure mode, where zombies get taken out by rolling plants. Wall-Nut Bowling
75%
Zombies are taken out by rolling plants again. Wall-Nut Bowling 2
75%
Level 2-5 from adventure mode, where zombies must be hit with hammers as they come out of graves. Whack A Zombie
75%
Zombies and plants are twice as fast. Zombie Nimble Zombie Quick
75%
Based on Popcap's Insaniquarium game. Feed Snorkel Zombies brains while accumulating sun. Zombiquarium
75%
Based on another Popcap game, Bejeweled. Slide plants to make matches and accumulate sun. Beghouled
63%
Based on the puzzle game Bejeweled Twist by Popcap. Rotate plants to make matches and accumulate sun. Beghouled Twist
63%
The final boss of adventure mode again, but with twice as much health. Dr. Zomboss's Revenge
63%
Tap zombies to put butter on their heads and blow them up with cob cannons. Buttered Popcorn
50%
Fast, tiny, and weaker zombies try and overwhelm defenses. Big Trouble Little Zombie
38%
Swing a baseball bat and hit home runs with the stylus while defending the lawn. Homerun Derby
38%
Defeat Dr. Zomboss using a Gatling Pea on a flying Flower Pot. Air Raid
25%
Some Wall-Nuts and 25 explosive plants are used to stall and destroy Zombies. BOMB All Together!
25%
Five plants can be moved freely on the lawn, but the heat causes peashooters to wither, which is remedied by shouting into the DS microphone. Heat Wave
25%
Shoot zombies with a cannon-mounted lawn mower in the mini-game based on Heavy Metal by Popcap. Heavy Metal
25%
Attract Bungee Zombies into traps with brains. Zombie Trap
25%
No matching quizzes found
Score Distribution
Percent of People with Each Score
Percentile by Number Answered
Your Score History
You have not taken this quiz